| 000 | 01327ctm a22002531i 4500 | ||
|---|---|---|---|
| 003 | SA-RiAUC | ||
| 005 | 20250529054817.0 | ||
| 008 | 250525s1986 su f m 000 0 ara c | ||
| 040 |
_aSA-JeALM _bara _cSA-RiAUC _dSA-MaUQU _erda |
||
| 082 | 0 | 4 |
_a251 _qSA-RiAUC |
| 090 |
_aر 251 _b ا ر ي |
||
| 100 | 1 |
_aأريق، عمر عثمان علي _eمؤلف. |
|
| 245 | 1 | 2 |
_aالشبه عند الأصوليين وأثره في اختلاف الفقهاء / _cإعداد عمر عثمان علي أريق ؛ إشراف عبد الوهاب إبراهيم أبو سليمان. |
| 264 | 0 |
_aمكة المكرمة : _bجامعة ام القرى - كلية الشريعة والدراسات الاسلامية. _c1987 |
|
| 300 |
_a251 ورقة ؛ _c30 سم |
||
| 336 |
_aنص _btxt _2rdacontent _3أطروحة |
||
| 337 |
_aبدون وسيط _bn _2rdamedia |
||
| 338 |
_aمجلد _bnc _2rdacarrier |
||
| 500 | _aإشراف : عبد الوهاب إبراهيم أبو سليمان. | ||
| 502 |
_bماجستير _cجامعة أم القرى، كلية الشريعة والدراسات الإسلامية، قسم الدراسات العليا الشرعية، فرع الفقه وأصوله _d1407 هجري. |
||
| 650 | 7 |
_aأصول الفقه الإسلامي _2aucsh |
|
| 942 |
_2ddc _cTHESES _n0 |
||
| 949 |
_aSA-JeALM _d250525 _uosman123 _n1 |
||
| 999 |
_c8443 _d8443 |
||